[Event "DEM U14w 2005"]
[Site "Willingen GER"]
[Date "2005.05.15"]
[Round "2"]
[White "van Orsouw, Svenja"]
[Black "Schultheiß, Vera"]
[Result "1/2-1/2"]
[Termination "normal"]
[Board "12"]
[WhiteElo "1421"]
[BlackElo "1115"]
[PlyCount "87"]
[WhiteFideId "24677124"]
[EventCountry "GER"]
[EventRounds "9"]
[EventType "swiss"]
[EventDate "2005.05.15"]

1. e4 e6 2. d4 d5 3. Nc3 Bb4 4. e5 Ne7 5. a3 Ba5 6. b4 Bb6 7. Na4 Bd7 8. Nxb6
axb6 9. Bd3 Ng6 10. Ne2 Qe7 11. c3 c5 12. Bc2 c4 13. O-O O-O 14. Ng3 Qe8 15. a4
Nc6 16. b5 Nce7 17. Ba3 f6 18. f4 f5 19. Bb2 Qd8 20. Qe1 Be8 21. Ne2 Bf7 22. h3
Nc8 23. Qf2 Kh8 24. g4 Nh4 25. Ng3 Bg6 26. g5 Be8 27. Ne2 Ng6 28. Qh2 Rg8 29.
h4 h6 30. Kh1 h5 31. Ng3 Nge7 32. Bd1 g6 33. Bf3 Rg7 34. Qe2 Rh7 35. Ba3 Qd7
36. Bb4 Kg8 37. Rfe1 Kh8 38. Qe3 Kg8 39. Bd1 Kh8 40. Bc2 Rg7 41. Re2 Kg8 42.
Ree1 Kh8 43. Bd6 Bf7 44. Bb4 1/2-1/2

[Event "DEM U14w 2005"]
[Site "Willingen GER"]
[Date "2005.05.15"]
[Round "2"]
[White "Häcker, Katrin"]
[Black "Knof, Henrike"]
[Result "1-0"]
[Termination "normal"]
[Board "13"]
[WhiteElo "1388"]
[BlackElo "1068"]
[PlyCount "43"]
[WhiteFideId "24667986"]
[EventCountry "GER"]
[EventRounds "9"]
[EventType "swiss"]
[EventDate "2005.05.15"]

1. e4 e5 2. Nf3 Nc6 3. Bb5 Bc5 4. O-O a6 5. Ba4 Nf6 6. Re1 O-O 7. c3 b5 8. Bb3
Re8 9. d4 exd4 10. e5 Ng4 11. cxd4 Bb4 12. Re4 d6 13. Ng5 d5 14. Rxg4 Bxg4 15.
Qxg4 f6 16. Ne6 Qd7 17. Bxd5 Kh8 18. Bxc6 Qxe6 19. Qxe6 Rxe6 20. Bxa8 fxe5 21.
dxe5 Rxe5 22. Be3 1-0

[Event "DEM U14w 2005"]
[Site "Willingen GER"]
[Date "2005.05.16"]
[Round "3"]
[White "Hannes, Diana"]
[Black "Karmann, Anna"]
[Result "1-0"]
[Termination "normal"]
[Board "1"]
[WhiteElo "1922"]
[BlackElo "1639"]
[PlyCount "41"]
[WhiteFideId "24611344"]
[BlackFideId "24648000"]
[EventCountry "GER"]
[EventRounds "9"]
[EventType "swiss"]
[EventDate "2005.05.15"]

1. e4 e5 2. Bc4 Nc6 3. Nf3 Bc5 4. c3 Nf6 5. d3 a6 6. Bb3 d6 7. Qe2 Bg4 8. h3
Bh5 9. Nbd2 O-O 10. Nf1 Nd7 11. g4 Bg6 12. h4 h6 13. h5 Bh7 14. g5 hxg5 15.
Bxg5 Qc8 16. Nh4 Re8 17. Qf3 Nd8 18. Bxd8 Rxd8 19. Qxf7+ Kh8 20. Ng6+ Bxg6 21.
hxg6# 1-0

[Event "DEM U14w 2005"]
[Site "Willingen GER"]
[Date "2005.05.16"]
[Round "3"]
[White "Mijatovic, Andrea"]
[Black "Winkelmann, Elena"]
[Result "0-1"]
[Termination "normal"]
[Board "2"]
[WhiteElo "1551"]
[BlackElo "2031"]
[PlyCount "74"]
[WhiteFideId "14514524"]
[BlackFideId "24607630"]
[EventCountry "GER"]
[EventRounds "9"]
[EventType "swiss"]
[EventDate "2005.05.15"]

1. e4 c5 2. Nf3 e6 3. d4 cxd4 4. Nxd4 a6 5. Nc3 Qc7 6. Be2 Nf6 7. O-O d6 8. a4
b6 9. f4 Bb7 10. Bf3 Nbd7 11. Qe2 Rb8 12. Kh1 Be7 13. Be3 h5 14. Bf2 h4 15. Rg1
g6 16. Rac1 Nh5 17. Bxh5 Rxh5 18. Qg4 Nf6 19. Qe2 e5 20. fxe5 dxe5 21. Nf3 Ng4
22. Qe1 Nxf2+ 23. Qxf2 Bc5 24. Qe2 Bxg1 25. Rxg1 Rd8 26. Rd1 Rxd1+ 27. Qxd1 h3
28. g3 Qc4 29. Qe1 f5 30. Nxe5 Bxe4+ 31. Nxe4 Qxe4+ 32. Qxe4 fxe4 33. Nc4 Ke7
34. Kg1 Rf5 35. Ne3 Rf3 36. Nd5+ Kd6 37. Nc3 Ke5 0-1

[Event "DEM U14w 2005"]
[Site "Willingen GER"]
[Date "2005.05.16"]
[Round "3"]
[White "Remy, Janina"]
[Black "Smolkina, Milana"]
[Result "1-0"]
[Termination "normal"]
[Board "3"]
[WhiteElo "1720"]
[BlackElo "1709"]
[PlyCount "95"]
[WhiteFideId "24627348"]
[BlackFideId "24618780"]
[EventCountry "GER"]
[EventRounds "9"]
[EventType "swiss"]
[EventDate "2005.05.15"]

1. c4 Nf6 2. g3 c5 3. Bg2 g6 4. Nc3 Bg7 5. e4 Nc6 6. Nge2 d6 7. a3 O-O 8. Rb1
a5 9. O-O Ne8 10. Nb5 Nc7 11. Nbc3 Ne6 12. d3 Ned4 13. Nxd4 Nxd4 14. Ne2 Bg4
15. f3 Bd7 16. Nxd4 Bxd4+ 17. Kh1 Qc7 18. Bd2 b5 19. cxb5 Bxb5 20. Bc3 Bg7 21.
f4 Rab8 22. Qd2 a4 23. f5 Qd8 24. Bxg7 Kxg7 25. b4 cxb4 26. Rxb4 f6 27. Rfb1
Qd7 28. Qb2 Rfc8 29. Bf1 gxf5 30. Rxb5 Rxb5 31. Qxb5 Qxb5 32. Rxb5 fxe4 33.
dxe4 Rc3 34. Rb7 Kf8 35. Ra7 Rxa3 36. Bc4 Ra1+ 37. Kg2 a3 38. Kh3 Ke8 39. Kg4
Kd8 40. Bd5 e5 41. Rxh7 Kc8 42. h4 Kb8 43. Rb7+ Kc8 44. Ra7 Kb8 45. Ra6 Kc7 46.
h5 Kd7 47. Ra7+ Kc8 48. Kf5 1-0

[Event "DEM U14w 2005"]
[Site "Willingen GER"]
[Date "2005.05.16"]
[Round "3"]
[White "Frey, Alisa"]
[Black "Billing, Tanja"]
[Result "1-0"]
[Termination "normal"]
[Board "4"]
[WhiteElo "1495"]
[BlackElo "1524"]
[PlyCount "137"]
[WhiteFideId "24634662"]
[BlackFideId "24647993"]
[EventCountry "GER"]
[EventRounds "9"]
[EventType "swiss"]
[EventDate "2005.05.15"]

1. e4 c5 2. Nf3 d6 3. d4 cxd4 4. Nxd4 Nf6 5. Nc3 g6 6. Be3 Bg7 7. f3 O-O 8. Qd2
Nc6 9. O-O-O Nxd4 10. Bxd4 Be6 11. Kb1 a6 12. h4 b5 13. h5 Qa5 14. Nd5 Qxd2 15.
Nxe7+ Kh8 16. Rxd2 Nxh5 17. Bxg7+ Nxg7 18. Rxd6 Ra7 19. Nd5 Bxd5 20. Rxd5 Rc8
21. Be2 Rac7 22. Rhd1 Ne6 23. R5d2 Kg7 24. g3 Rc5 25. c3 a5 26. Rd5 b4 27. Rxc5
Rxc5 28. cxb4 axb4 29. Rc1 Rg5 30. g4 Nd4 31. Bd1 Rb5 32. Rc4 Ne6 33. Ka1 Kf6
34. Be2 Rb6 35. a3 bxa3 36. bxa3 Nf4 37. Bd1 Ne6 38. Rb4 Ra6 39. Kb2 Rd6 40.
Kc1 Rc6+ 41. Kd2 Rd6+ 42. Ke1 Nc5 43. Rb5 Nd3+ 44. Kf1 Ne5 45. g5+ Kg7 46. Rxe5
Rxd1+ 47. Ke2 Rd6 48. a4 Rd7 49. Rd5 Rb7 50. Rb5 Ra7 51. a5 f6 52. f4 Kf7 53.
Kf3 fxg5 54. fxg5 Ke6 55. Rd5 Rf7+ 56. Ke3 Rb7 57. a6 Ra7 58. Ra5 Kd6 59. Kd4
Kc6 60. Ke5 Kd7 61. Kf6 Ke8 62. e5 Rf7+ 63. Ke6 Re7+ 64. Kd6 Ra7 65. Kc6 Kd8
66. Kb6 Re7 67. a7 Re6+ 68. Kb7 Re7+ 69. Kb8 1-0

[Event "DEM U14w 2005"]
[Site "Willingen GER"]
[Date "2005.05.16"]
[Round "3"]
[White "Döring, Julia"]
[Black "Backer, Julia"]
[Result "1-0"]
[Termination "normal"]
[Board "5"]
[WhiteElo "1454"]
[BlackElo "1533"]
[PlyCount "120"]
[EventCountry "GER"]
[EventRounds "9"]
[EventType "swiss"]
[EventDate "2005.05.15"]

1. e4 e6 2. d4 d5 3. Nd2 dxe4 4. Nxe4 Nd7 5. Bd3 Ngf6 6. Bg5 Be7 7. Nf3 Nxe4 8.
Bxe7 Nxf2 9. Bxd8 Nxd1 10. Rxd1 Kxd8 11. O-O Nf6 12. Bc4 c6 13. Ne5 Ke7 14. Rd3
Bd7 15. Rg3 Rhg8 16. Bd3 Raf8 17. Rgf3 Be8 18. c4 h6 19. b4 Nd7 20. Nxd7 Bxd7
21. c5 f5 22. Re1 g5 23. Rxf5 Rxf5 24. Bxf5 Rf8 25. Bg4 Rf4 26. Bf3 Rxd4 27.
Re4 Rxe4 28. Bxe4 Kf6 29. Kf2 e5 30. Ke3 Bf5 31. Bf3 Be6 32. a3 Bd5 33. g4 Be6
34. Be2 b6 35. Bf3 bxc5 36. bxc5 Bd5 37. Be4 Ke7 38. Bf5 Kd8 39. Be4 Kc7 40.
Bd3 Kb7 41. Bf1 Bh1 42. Bd3 a5 43. Be4 Bxe4 44. Kxe4 Ka6 45. Kxe5 Kb5 46. Kd6
Ka4 47. Kxc6 Kxa3 48. Kd7 a4 49. c6 Kb2 50. c7 a3 51. c8=Q a2 52. Qb7+ Kc2 53.
Qa6 Kb1 54. Qxa2+ Kxa2 55. Ke6 Kb3 56. Kf6 Kc4 57. Kg6 Kd5 58. Kxh6 Ke6 59.
Kxg5 Kf7 60. Kf5 Kg7 1-0

[Event "DEM U14w 2005"]
[Site "Willingen GER"]
[Date "2005.05.16"]
[Round "3"]
[White "Zier, Verena"]
[Black "Herbold, Nora Elise Marina"]
[Result "1-0"]
[Termination "normal"]
[Board "6"]
[WhiteElo "1844"]
[BlackElo "1484"]
[PlyCount "83"]
[WhiteFideId "24620602"]
[BlackFideId "4624548"]
[EventCountry "GER"]
[EventRounds "9"]
[EventType "swiss"]
[EventDate "2005.05.15"]

1. d4 Nf6 2. c4 g6 3. Nc3 Bg7 4. g3 O-O 5. Bg2 d6 6. Nf3 Nc6 7. O-O a6 8. d5
Na5 9. Nd2 c5 10. Qc2 Rb8 11. b3 b5 12. Bb2 Bh6 13. f4 bxc4 14. bxc4 e5 15.
dxe6 Bxe6 16. Nd5 Bxd5 17. cxd5 Rxb2 18. Qxb2 Bg7 19. Qa3 Ng4 20. Rae1 Bd4+ 21.
e3 Nxe3 22. Rxe3 Re8 23. Rfe1 Rxe3 24. Rxe3 Qe8 25. Kf2 Bxe3+ 26. Qxe3 Qa4 27.
a3 Qc2 28. Qe2 Qb2 29. Ne4 Qd4+ 30. Qe3 Qxe3+ 31. Kxe3 Nb7 32. Bf1 f5 33. Bxa6
Kf7 34. Ng5+ Ke7 35. Bxb7 Kd7 36. Nxh7 Kc7 37. Bc6 Kb6 38. Kd3 Ka5 39. Nf8 Kb6
40. Nxg6 Kc7 41. h4 Kd8 42. h5 1-0

[Event "DEM U14w 2005"]
[Site "Willingen GER"]
[Date "2005.05.16"]
[Round "3"]
[White "Becher, Anne"]
[Black "Lorenz, Nicole"]
[Result "1/2-1/2"]
[Termination "normal"]
[Board "7"]
[WhiteElo "1454"]
[BlackElo "1761"]
[PlyCount "109"]
[BlackFideId "24623709"]
[EventCountry "GER"]
[EventRounds "9"]
[EventType "swiss"]
[EventDate "2005.05.15"]

1. d4 Nf6 2. e3 e6 3. Bd3 c5 4. c3 b6 5. f4 Bb7 6. Nf3 Be7 7. Nbd2 d5 8. O-O
Ng4 9. Qe2 f5 10. Ne5 Nxe5 11. fxe5 c4 12. Bc2 O-O 13. b3 b5 14. Rb1 Qa5 15.
bxc4 Qxc3 16. Rxb5 Ba6 17. Rb2 Ba3 18. Rb3 Qxc2 19. Rxa3 Bxc4 20. Qd1 Qxd1 21.
Rxd1 Bb5 22. Rc3 Nd7 23. Ba3 Rfc8 24. Rdc1 Nb6 25. Kf2 Rxc3 26. Rxc3 Nc4 27.
Nxc4 Bxc4 28. Bc5 a6 29. a3 Rb8 30. Bb4 Kf7 31. Kf3 Kg6 32. g4 fxg4+ 33. Kxg4
h5+ 34. Kf4 Rb7 35. Rc2 Rf7+ 36. Kg3 Kh6 37. h4 g5 38. hxg5+ Kxg5 39. Rg2 h4+
40. Kh3+ Kh5 41. Rg8 Bf1+ 42. Kh2 h3 43. Rh8+ Kg6 44. Rg8+ Kf5 45. Rf8 Kg6 46.
Rxf7 Kxf7 47. Bd6 Ke8 48. Bc5 Kd7 49. Bd6 Kc6 50. Bc5 Kb5 51. Bd6 Kc4 52. Bc5
Kd3 53. Bd6 Kxe3 54. Bc5 Kd3 55. Bb6 1/2-1/2

[Event "DEM U14w 2005"]
[Site "Willingen GER"]
[Date "2005.05.16"]
[Round "3"]
[White "Bakalarz, Janet"]
[Black "Mertens, Pauline"]
[Result "0-1"]
[Termination "normal"]
[Board "8"]
[WhiteElo "1399"]
[BlackElo "1505"]
[PlyCount "120"]
[BlackFideId "24671959"]
[EventCountry "GER"]
[EventRounds "9"]
[EventType "swiss"]
[EventDate "2005.05.15"]

1. e4 c5 2. Nf3 d6 3. d4 cxd4 4. Nxd4 Nf6 5. Nc3 a6 6. Be3 e5 7. Nb3 Be6 8. Nd5
Bxd5 9. exd5 Be7 10. Be2 Nbd7 11. Qd3 b5 12. c4 b4 13. a3 bxa3 14. Rxa3 O-O 15.
O-O Qc7 16. Rfa1 Nb8 17. Qc2 Rc8 18. Nd2 h6 19. b4 Qb7 20. Qb1 Nbd7 21. c5 dxc5
22. Bxa6 Qxb4 23. Rb3 Qg4 24. Bxc8 Rxc8 25. h3 Qg6 26. Qxg6 fxg6 27. Ra7 Kf8
28. Rd3 Bd6 29. Nb3 c4 30. Rc3 Nxd5 31. Rc2 N7b6 32. Bxb6 Nxb6 33. Nd2 Bb4 34.
Rb7 Bxd2 35. Rxd2 c3 36. Rc2 Nd5 37. Kf1 Rc5 38. g3 e4 39. Ke2 g5 40. Ra2 Ne7
41. Rb1 c2 42. Rc1 Nc6 43. Ke3 Nb4 44. Rb2 Rc4 45. Kd2 Kf7 46. Rcxc2 Rxc2+ 47.
Rxc2 Nxc2 48. Kxc2 Ke6 49. Kd2 Kd5 50. Ke3 Ke5 51. f4+ gxf4+ 52. gxf4+ Kf5 53.
h4 h5 54. Ke2 Kxf4 55. Kf2 Kg4 56. Ke3 Kxh4 57. Kxe4 g5 58. Kf3 Kh3 59. Kf2 Kh2
60. Kf3 g4+ 0-1

[Event "DEM U14w 2005"]
[Site "Willingen GER"]
[Date "2005.05.16"]
[Round "3"]
[White "Penne, Bo"]
[Black "Häcker, Katrin"]
[Result "1-0"]
[Termination "normal"]
[Board "9"]
[WhiteElo "1459"]
[BlackElo "1388"]
[PlyCount "117"]
[WhiteFideId "24642193"]
[BlackFideId "24667986"]
[EventCountry "GER"]
[EventRounds "9"]
[EventType "swiss"]
[EventDate "2005.05.15"]

1. e4 e5 2. Nf3 Nc6 3. Nc3 Bb4 4. Nd5 Bc5 5. Nxe5 Bxf2+ 6. Kxf2 Nxe5 7. d4 Ng6
8. Bc4 c6 9. Nf4 Nf6 10. Re1 O-O 11. Kg1 Nxf4 12. Bxf4 Nxe4 13. Rxe4 d5 14.
Bxd5 cxd5 15. Re3 Bf5 16. c3 Rc8 17. Qe2 Re8 18. Re1 Re6 19. Qb5 Rxe3 20. Rxe3
Qd7 21. Qb4 Re8 22. Qxb7 Rxe3 23. Qxd7 Bxd7 24. Bxe3 Kf8 25. b3 Ke7 26. Kf2 Ke6
27. c4 h6 28. h3 g5 29. g4 Bc6 30. Kg3 f5 31. gxf5+ Kxf5 32. h4 gxh4+ 33. Kxh4
Ke4 34. Bf2 Kf3 35. Bg3 Ke4 36. Be5 Kd3 37. cxd5 Bxd5 38. Kg4 Kc2 39. Bb8 a6
40. Kf4 Kb2 41. Ke5 Bg8 42. Kd6 Kxa2 43. b4 Ka3 44. Kc5 Ka4 45. Bc7 h5 46. Bb6
h4 47. Ba5 h3 48. Bc7 h2 49. Bxh2 Be6 50. Bc7 Bd7 51. d5 Bb5 52. Ba5 Bd3 53. d6
Bb5 54. Kb6 Ka3 55. Kc7 Ka4 56. d7 Bxd7 57. Kxd7 Kb5 58. Kc7 Ka4 59. Kb6 1-0

[Event "DEM U14w 2005"]
[Site "Willingen GER"]
[Date "2005.05.16"]
[Round "3"]
[White "Müller, Anna-Louise"]
[Black "Kickert, Germaine-Helene"]
[Result "0-1"]
[Termination "normal"]
[Board "10"]
[WhiteElo "1381"]
[BlackElo "1920"]
[PlyCount "42"]
[WhiteFideId "4633512"]
[BlackFideId "24614890"]
[EventCountry "GER"]
[EventRounds "9"]
[EventType "swiss"]
[EventDate "2005.05.15"]

1. e4 e5 2. Nf3 Nc6 3. d4 exd4 4. Nxd4 Bc5 5. Be3 Qf6 6. c3 Nge7 7. Bc4 Bb6 8.
O-O O-O 9. Nb5 a6 10. Nd4 Nxd4 11. Bxd4 Bxd4 12. Qxd4 Qg6 13. Qe3 d6 14. Nd2
Be6 15. Rad1 Bxc4 16. Nxc4 Qe6 17. b3 Nc6 18. Rfe1 Rae8 19. f3 Qg6 20. Qd2 Ne5
21. Ne3 Nxf3+ 0-1

[Event "DEM U14w 2005"]
[Site "Willingen GER"]
[Date "2005.05.16"]
[Round "3"]
[White "Schultheiß, Vera"]
[Black "Gahn, Juliane"]
[Result "0-1"]
[Termination "normal"]
[Board "11"]
[WhiteElo "1115"]
[BlackElo "1606"]
[PlyCount "56"]
[EventCountry "GER"]
[EventRounds "9"]
[EventType "swiss"]
[EventDate "2005.05.15"]

1. e4 c5 2. Nc3 e6 3. g3 g6 4. Bg2 Bg7 5. d3 Nc6 6. f4 Nge7 7. Nf3 O-O 8. O-O
b6 9. h3 Rb8 10. Be3 d5 11. Bd2 Bb7 12. Qc1 f5 13. exf5 exf5 14. g4 Qd7 15. Nh2
Nd8 16. Ne2 Nf7 17. c3 Rbc8 18. c4 Nd6 19. cxd5 Nxd5 20. Nc3 Nb4 21. Qb1 Bxg2
22. Kxg2 Nb7 23. Rd1 Nxd3 24. Be1 Nxf4+ 25. Kg3 Qc7 26. Kf3 fxg4+ 27. hxg4 Nd5+
28. Kg2 Ne3+ 0-1

[Event "DEM U14w 2005"]
[Site "Willingen GER"]
[Date "2005.05.16"]
[Round "3"]
[White "Stein, Simone"]
[Black "van Orsouw, Svenja"]
[Result "0-1"]
[Termination "normal"]
[Board "12"]
[WhiteElo "1136"]
[BlackElo "1421"]
[PlyCount "52"]
[WhiteFideId "24692875"]
[BlackFideId "24677124"]
[EventCountry "GER"]
[EventRounds "9"]
[EventType "swiss"]
[EventDate "2005.05.15"]

1. e4 c5 2. Nf3 Nc6 3. Nc3 Nf6 4. d4 cxd4 5. Nxd4 e5 6. Nf3 Bb4 7. Bd2 Bxc3 8.
Bxc3 Nxe4 9. Bxe5 Nxe5 10. Qe2 Qa5+ 11. c3 Nxc3 12. Qxe5+ Qxe5+ 13. Nxe5 Ne4
14. Bc4 O-O 15. Bxf7+ Rxf7 16. Nxf7 Kxf7 17. Ke2 Nf6 18. Rac1 b6 19. Rhd1 Ba6+
20. Kf3 Re8 21. Rd2 Bb7+ 22. Kf4 Re4+ 23. Kf5 g6+ 24. Kg5 Rg4+ 25. Kh6 Ng8+ 26.
Kxh7 Rh4# 0-1

[Event "DEM U14w 2005"]
[Site "Willingen GER"]
[Date "2005.05.16"]
[Round "3"]
[White "Knof, Henrike"]
[Black "Kinzel, Tiffany"]
[Result "1-0"]
[Termination "normal"]
[Board "13"]
[WhiteElo "1068"]
[BlackElo "1265"]
[PlyCount "59"]
[BlackFideId "4633741"]
[EventCountry "GER"]
[EventRounds "9"]
[EventType "swiss"]
[EventDate "2005.05.15"]

1. e4 c5 2. Nc3 g6 3. d3 Bg7 4. g3 Nc6 5. Be3 d6 6. Bg2 e6 7. Qd2 Nge7 8. Nge2
O-O 9. Bh6 a6 10. h4 Ne5 11. f3 Kh8 12. Bxg7+ Kxg7 13. h5 Ng8 14. f4 Nd7 15. f5
g5 16. e5 Nxe5 17. fxe6 Bxe6 18. Ne4 h6 19. d4 cxd4 20. Nxd4 Bg4 21. Nf2 Rb8
22. Nxg4 Nxg4 23. O-O-O N8f6 24. Qc3 Qd7 25. Bh3 Rfe8 26. Rhf1 Re5 27. Qf3 Qe7
28. Bxg4 Nxg4 29. Qxg4 Kg8 30. Nf5 1-0

[Event "DEM U14w 2005"]
[Site "Willingen GER"]
[Date "2005.05.17"]
[Round "4"]
[White "Remy, Janina"]
[Black "Hannes, Diana"]
[Result "1/2-1/2"]
[Termination "normal"]
[Board "1"]
[WhiteElo "1720"]
[BlackElo "1922"]
[PlyCount "42"]
[WhiteFideId "24627348"]
[BlackFideId "24611344"]
[EventCountry "GER"]
[EventRounds "9"]
[EventType "swiss"]
[EventDate "2005.05.15"]

1. c4 Nf6 2. g3 c6 3. Bg2 d5 4. cxd5 cxd5 5. d4 Nc6 6. Nc3 a6 7. Bg5 e6 8. Bxf6
Qxf6 9. e3 Bd7 10. a3 Bd6 11. Nf3 O-O 12. O-O Rfc8 13. Na4 Qd8 14. Nc5 Bxc5 15.
dxc5 Na5 16. b4 Nc4 17. Qd4 b6 18. cxb6 Qxb6 19. Qxb6 Nxb6 20. Rfc1 Bb5 21. Nd2
Kf8 1/2-1/2

[Event "DEM U14w 2005"]
[Site "Willingen GER"]
[Date "2005.05.17"]
[Round "4"]
[White "Winkelmann, Elena"]
[Black "Döring, Julia"]
[Result "1-0"]
[Termination "normal"]
[Board "2"]
[WhiteElo "2031"]
[BlackElo "1454"]
[PlyCount "105"]
[WhiteFideId "24607630"]
[EventCountry "GER"]
[EventRounds "9"]
[EventType "swiss"]
[EventDate "2005.05.15"]

1. d4 Nf6 2. c4 e6 3. Nc3 b6 4. Bg5 Be7 5. f3 d5 6. e3 Bb7 7. Nh3 Nbd7 8. Nf2
c5 9. cxd5 Nxd5 10. Bxe7 Qxe7 11. Qd2 cxd4 12. Qxd4 f6 13. Nxd5 Bxd5 14. e4 Bb7
15. Bb5 Rd8 16. Rd1 Bc8 17. O-O O-O 18. Qc3 Ne5 19. f4 Nf7 20. Be2 e5 21. f5
Bb7 22. Bc4 Rxd1 23. Rxd1 Rd8 24. Bxf7+ Kxf7 25. Rc1 Kf8 26. Qc7 Rc8 27. Qxe7+
Kxe7 28. Rxc8 Bxc8 29. Kf1 Kd6 30. Ke2 Kc5 31. Kd3 b5 32. Kc3 b4+ 33. Kd3 Ba6+
34. Ke3 Kc4 35. g4 b3 36. a3 Kc5 37. h4 h6 38. Nd1 Bb5 39. Nc3 a6 40. Nxb5 Kxb5
41. Kd3 a5 42. a4+ Kb4 43. h5 Kc5 44. Kc3 Kc6 45. Kxb3 Kb6 46. Kc4 Kc6 47. b3
Kd6 48. Kb5 Kc7 49. Kxa5 Kc6 50. Kb4 Kb6 51. a5+ Kc6 52. Kc4 Kd6 53. b4 1-0

[Event "DEM U14w 2005"]
[Site "Willingen GER"]
[Date "2005.05.17"]
[Round "4"]
[White "Karmann, Anna"]
[Black "Frey, Alisa"]
[Result "1/2-1/2"]
[Termination "normal"]
[Board "3"]
[WhiteElo "1639"]
[BlackElo "1495"]
[PlyCount "51"]
[WhiteFideId "24648000"]
[BlackFideId "24634662"]
[EventCountry "GER"]
[EventRounds "9"]
[EventType "swiss"]
[EventDate "2005.05.15"]

1. c4 e5 2. Nc3 Nf6 3. g3 d5 4. cxd5 Nxd5 5. Bg2 Nb6 6. d3 Be7 7. f4 exf4 8.
Bxf4 c6 9. Nf3 O-O 10. O-O Be6 11. Rc1 N8d7 12. a3 Nc5 13. b4 Nb3 14. Rb1 Nd4
15. Ne4 Nf5 16. Qc1 Nd5 17. Nc5 Nxf4 18. Qxf4 Qb6 19. d4 Bd6 20. Qe4 Bc8 21. g4
Ne7 22. Ng5 Ng6 23. Rf2 f6 24. Nh3 Qc7 25. Bh1 Qe7 26. Qxe7 1/2-1/2

[Event "DEM U14w 2005"]
[Site "Willingen GER"]
[Date "2005.05.17"]
[Round "4"]
[White "Mertens, Pauline"]
[Black "Mijatovic, Andrea"]
[Result "1/2-1/2"]
[Termination "normal"]
[Board "4"]
[WhiteElo "1505"]
[BlackElo "1551"]
[PlyCount "207"]
[WhiteFideId "24671959"]
[BlackFideId "14514524"]
[EventCountry "GER"]
[EventRounds "9"]
[EventType "swiss"]
[EventDate "2005.05.15"]

1. e4 c5 2. Nf3 Nc6 3. d4 cxd4 4. Nxd4 Nf6 5. Nc3 e5 6. Ndb5 d6 7. a4 a6 8. Na3
Be7 9. Bg5 O-O 10. Bxf6 Bxf6 11. Nc4 Nd4 12. Nd5 Be6 13. Nce3 Bg5 14. Bc4 Bxd5
15. Nxd5 Rc8 16. Bd3 Ne6 17. c3 Nf4 18. Nxf4 Bxf4 19. O-O Qb6 20. Qe2 Rc5 21.
Rfd1 Qc6 22. c4 Qd7 23. b4 Rcc8 24. b5 Ra8 25. g3 Bg5 26. Rf1 Bd8 27. Kh1 Bb6
28. a5 Bd4 29. Ra2 Bc3 30. Qc2 Bd4 31. b6 Rac8 32. Qb3 Kh8 33. Kg2 Qg4 34. f3
Qg6 35. Qc2 h5 36. h4 Qf6 37. Rh1 Kh7 38. Qd2 Rh8 39. f4 Kg8 40. f5 g6 41. fxg6
fxg6 42. Rf1 Qe6 43. Qg5 Kg7 44. Rf3 Rhf8 45. Rxf8 Rxf8 46. Rc2 Qf6 47. Qxf6+
Rxf6 48. Ra2 Kf7 49. Rc2 Ke6 50. Re2 Rf8 51. Ra2 Rc8 52. Be2 Kf6 53. Ra4 Rc5
54. Ra3 Kg7 55. Kf3 Rc8 56. Kg2 Rf8 57. Bf3 Kh6 58. Rb3 g5 59. hxg5+ Kxg5 60.
Ra3 h4 61. gxh4+ Kxh4 62. Kf1 Rg8 63. Ke2 Rg3 64. Rd3 Kg5 65. Rb3 Kf4 66. Rd3
Bc5 67. Rb3 Bb4 68. Rxb4 Rxf3 69. c5 Re3+ 70. Kd2 dxc5 71. Rc4 Rxe4 72. Rxc5
Ra4 73. Rc7 Rxa5 74. Rxb7 Rb5 75. Rb8 a5 76. b7 Ke4 77. Ra8 Rxb7 78. Rxa5 Kf4
79. Ra8 Rd7+ 80. Ke2 Rf7 81. Re8 Rh7 82. Re6 Rh2+ 83. Ke1 e4 84. Rf6+ Ke3 85.
Kf1 Rh4 86. Rf8 Rh3 87. Kg2 Rf3 88. Ra8 Rf2+ 89. Kg1 Rd2 90. Re8 Rd4 91. Kf1
Rd1+ 92. Kg2 Re1 93. Ra8 Re2+ 94. Kf1 Rf2+ 95. Ke1 Rf5 96. Ra3+ Kf4 97. Ra4 Kf3
98. Ra3+ e3 99. Ra8 Rb5 100. Rf8+ Ke4 101. Re8+ Kd4 102. Rd8+ Rd5 103. Rxd5+
Kxd5 104. Ke2 1/2-1/2

[Event "DEM U14w 2005"]
[Site "Willingen GER"]
[Date "2005.05.17"]
[Round "4"]
[White "Kickert, Germaine-Helene"]
[Black "Zier, Verena"]
[Result "1/2-1/2"]
[Termination "normal"]
[Board "5"]
[WhiteElo "1920"]
[BlackElo "1844"]
[PlyCount "36"]
[WhiteFideId "24614890"]
[BlackFideId "24620602"]
[EventCountry "GER"]
[EventRounds "9"]
[EventType "swiss"]
[EventDate "2005.05.15"]

1. e4 e6 2. d4 d5 3. Nc3 Nf6 4. e5 Nfd7 5. f4 c5 6. Nf3 Nc6 7. Be3 cxd4 8. Nxd4
Qb6 9. Rb1 Bc5 10. Nce2 O-O 11. Qd2 Na5 12. Nc3 Nc4 13. Bxc4 dxc4 14. Na4 Qb4
15. Nxc5 Qxd2+ 16. Kxd2 Nxc5 17. Kc3 b6 18. Kxc4 Bb7 1/2-1/2

[Event "DEM U14w 2005"]
[Site "Willingen GER"]
[Date "2005.05.17"]
[Round "4"]
[White "Lorenz, Nicole"]
[Black "Penne, Bo"]
[Result "1-0"]
[Termination "normal"]
[Board "6"]
[WhiteElo "1761"]
[BlackElo "1459"]
[PlyCount "83"]
[WhiteFideId "24623709"]
[BlackFideId "24642193"]
[EventCountry "GER"]
[EventRounds "9"]
[EventType "swiss"]
[EventDate "2005.05.15"]

1. e4 c5 2. Nf3 Nc6 3. d4 cxd4 4. Nxd4 g6 5. Nc3 Bg7 6. Be3 Nf6 7. Be2 O-O 8.
Qd2 Re8 9. O-O d6 10. Rad1 Bd7 11. f3 a6 12. Nxc6 Bxc6 13. Nd5 Nxd5 14. exd5
Bd7 15. b3 Rc8 16. c4 Bf5 17. Qb4 Qc7 18. Bb6 Qb8 19. Rd2 Bh6 20. f4 Bg7 21.
Re1 e5 22. fxe5 Bxe5 23. Rdd1 Re7 24. Bf3 Rce8 25. Kh1 Bc2 26. Rc1 Bb2 27. Rxe7
Bxc1 28. Rxe8+ Qxe8 29. Qxd6 Qe1+ 30. Bg1 Kg7 31. Qg3 Qxg3 32. hxg3 Ba3 33. c5
Kf8 34. d6 Ke8 35. Bxb7 a5 36. Bc6+ Kd8 37. Bd4 Bf5 38. Bf6+ Kc8 39. Bd4 Kd8
40. Kg1 Bc1 41. Kf2 Bg4 42. Bc3 1-0

[Event "DEM U14w 2005"]
[Site "Willingen GER"]
[Date "2005.05.17"]
[Round "4"]
[White "van Orsouw, Svenja"]
[Black "Billing, Tanja"]
[Result "1/2-1/2"]
[Termination "normal"]
[Board "8"]
[WhiteElo "1421"]
[BlackElo "1524"]
[PlyCount "36"]
[WhiteFideId "24677124"]
[BlackFideId "24647993"]
[EventCountry "GER"]
[EventRounds "9"]
[EventType "swiss"]
[EventDate "2005.05.15"]

1. e4 c5 2. Nc3 d6 3. f4 Nf6 4. Nf3 g6 5. Bb5+ Bd7 6. Bxd7+ Qxd7 7. O-O Bg7 8.
d3 O-O 9. Qe1 Nc6 10. Qh4 Qg4 11. Qxg4 Nxg4 12. h3 Nf6 13. a3 Nd7 14. f5 Nde5
15. fxg6 hxg6 16. Nxe5 Bxe5 17. Bh6 Bg7 18. Bxg7 Kxg7 1/2-1/2

[Event "DEM U14w 2005"]
[Site "Willingen GER"]
[Date "2005.05.17"]
[Round "4"]
[White "Gahn, Juliane"]
[Black "Herbold, Nora Elise Marina"]
[Result "1/2-1/2"]
[Termination "normal"]
[Board "9"]
[WhiteElo "1606"]
[BlackElo "1484"]
[PlyCount "71"]
[BlackFideId "4624548"]
[EventCountry "GER"]
[EventRounds "9"]
[EventType "swiss"]
[EventDate "2005.05.15"]

1. e4 c6 2. d4 d5 3. Nd2 dxe4 4. Nxe4 Nf6 5. Ng3 Bg4 6. Be2 Bxe2 7. N1xe2 Nbd7
8. O-O e6 9. c4 Bd6 10. b3 Qe7 11. Bb2 O-O-O 12. a4 h5 13. f3 Bb4 14. Qc2 g5
15. Nc3 Kb8 16. Qe2 Qe8 17. Nge4 Ka8 18. Nxg5 Qg8 19. Nce4 Rh6 20. Kh1 Nxe4 21.
Nxe4 Rg6 22. Rad1 h4 23. Rg1 f5 24. Nf2 Nf6 25. Nd3 Bd6 26. Ne5 Bxe5 27. Qxe5
Nh5 28. h3 Rg5 29. Bc1 f4 30. Qe1 e5 31. dxe5 Rxd1 32. Qxd1 Rxe5 33. Qd4 Qg5
34. Bb2 Ng3+ 35. Kh2 Re8 36. Qd2 1/2-1/2